NBA Draft 2018 - Statistics

General Stats
  • This quiz has been taken 42 times
  • The average score is 23 of 60
Answer Stats
Pick Team Position School/Team Player % Correct
1 Phoenix Suns C Arizona Deandre Ayton
100%
5 Dallas Mavericks (to ATL) PG Oklahoma Trae Young
94%
4 Memphis Grizzlies PF Michigan State Jaren Jackson Jr.
91%
3 Atlanta Hawks (to DAL) SG/SF Real Madrid (Spain) Luka Dončić
91%
2 Sacramento Kings PF Duke Marvin Bagley III
82%
43 Denver Nuggets (to ORL) SF Maryland Justin Jackson
79%
7 Chicago Bulls C Duke Wendell Carter Jr.
79%
8 Cleveland Cavaliers PG Alabama Collin Sexton
76%
32 Memphis Grizzlies PG West Virginia Jevon Carter
76%
14 Denver Nuggets PF Missouri Michael Porter Jr.
73%
10 Philadelphia 76ers (to PHX) SF Villanova Mikal Bridges
67%
12 Los Angeles Clippers (to CHA) SF Michigan State Miles Bridges
67%
6 Orlando Magic C Texas Mohamed Bamba
67%
17 Milwaukee Bucks SG Villanova Donte DiVincenzo
58%
11 Charlotte Hornets (to LAC) SG Kentucky Shai Gilgeous-Alexander
58%
27 Boston Celtics PF/C Texas A&M Robert Williams
55%
9 New York Knicks SF Kentucky Kevin Knox
52%
50 Indiana Pacers PF Missouri State Alize Johnson
48%
13 Los Angeles Clippers SG Boston College Jerome Robinson
48%
36 New York Knicks C Chalmette HS Mitchell Robinson
48%
16 Phoenix Suns (to PHI) SG Texas Tech Zhaire Smith
48%
33 Dallas Mavericks PG Villanova Jalen Brunson
45%
21 Utah Jazz SG Duke Grayson Allen
42%
19 Atlanta Hawks SG Maryland Kevin Huerter
42%
25 Los Angeles Lakers PF Michigan Moritz Wagner
42%
18 San Antonio Spurs SG Miami Lonnie Walker
39%
24 Portland Trail Blazers SG IMG Academy Anfernee Simons
36%
26 Philadelphia 76ers SG Wichita State Landry Shamet
36%
42 Detroit Pistons SG Miami Bruce Brown Jr.
33%
15 Washington Wizards SF Oregon Troy Brown Jr.
33%
34 Atlanta Hawks (to CHA) PG Kansas Devonte' Graham
30%
40 Brooklyn Nets SF FC Barcelona Lassa (Spain) Rodions Kurucs
30%
37 Sacramento Kings (to POR) SG Duke Gray Trent Jr.
27%
20 Minnesota Timberwolves SG Georgia Tech Josh Okogie
27%
23 Indiana Pacers PG UCLA Aaron Holiday
24%
41 Orlando Magic (to DEN) SF Kentucky Jarred Vanderbilt
24%
22 Chicago Bulls SF/SG Boise State Chandler Hutchinson
21%
54 Dallas Mavericks (to PHI) SG SMU Shake Milton
21%
49 San Antonio Spurs PF USC Chimezie Metu
18%
46 Houston Rockets SG USC De'Anthony Melton
18%
31 Phoenix Suns PG Paul-Lacq-Orthez (France) Élie Okobo
18%
28 Golden State Warriors SG Cincinnati Jacob Evans
18%
60 Philadelphia 76ers (to DAL) SF/PF Dayton Kostas Antetokounmpo
18%
35 Orlando Magic SF Tulane Melvin Frazier
18%
30 Atlanta Hawks PF Villanova Omari Spellman
18%
29 Brooklyn Nets SF Cedevita Zagreb (Croatia) Dzanan Musa
15%
47 Los Angeles Lakers SG Kansas Sviatoslav Mykhailiuk
15%
52 Utah Jazz (to HOU) SF Purdue Vincent Edwards
15%
53 Oklahoma City Thunder SG Virginia Devon Hall
12%
45 Brooklyn Nets (to CHA) SG Kentucky Hamidou Diallo
12%
39 Philadelphia 76ers (to LAL) SF Frankfurt Skyliners (Germany) Isaac Bonga
12%
48 Minnesota Timberwolves SF Ohio State Keita Bates-Diop
12%
38 Philadelphia 76ers (to DET) SG Creighton Khyri Thomas
12%
56 Philadelphia 76ers (to DAL) PF Louisville Ray Spalding
12%
58 Denver Nuggets C UCLA Thomas Welsh
9%
55 Charlotte Hornets SF Orlandina Basket (Italy) Arnoldas Kulboka
6%
59 Phoenix Suns SG Colorado George King
6%
44 Washington Wizards PG Olimpija Ljubljana (Slovenia) Issuf Sanon
6%
57 Oklahoma City Thunder PF Texas-Arlington Kevin Hervey
6%
51 New Orleans Pelicans PG Penn State Tony Carr
6%
No matching quizzes found
Score Distribution
Percent of People with Each Score
Percentile by Number Answered
Your Score History
You have not taken this quiz